The encyclopedia of eastern mythology : (Record no. 3107)

MARC details
000 -LEADER
fixed length control field 03277nam a22002297a 4500
001 - CONTROL NUMBER
control field 3107
003 - CONTROL NUMBER IDENTIFIER
control field FISKH
005 - DATE AND TIME OF LATEST TRANSACTION
control field 20240918155142.0
008 - FIXED-LENGTH DATA ELEMENTS--GENERAL INFORMATION
fixed length control field 240206b cb ||||| |||| 00| 0 eng d
020 ## - INTERNATIONAL STANDARD BOOK NUMBER
International Standard Book Number 9780857235657
040 ## - CATALOGING SOURCE
Original cataloging agency FISKH
Language of cataloging eng
Transcribing agency FISKH
Modifying agency FISKH
050 ## - LIBRARY OF CONGRESS CALL NUMBER
Classification number GR265.S76
082 ## - DEWEY DECIMAL CLASSIFICATION NUMBER
Classification number 398.209503
100 ## - MAIN ENTRY--PERSONAL NAME
Personal name Storm, Rachel
245 ## - TITLE STATEMENT
Title The encyclopedia of eastern mythology :
Remainder of title Legends of the East: the fabulous myth and tales of the heroes, gods and warriors of ancient Egypt, Arabia, Persia, India, Tibet, China and Japan /
Statement of responsibility, etc. Rachel Storm
260 ## - PUBLICATION, DISTRIBUTION, ETC.
Place of publication, distribution, etc. London :
Name of publisher, distributor, etc. Anness,
Date of publication, distribution, etc. 2014
300 ## - PHYSICAL DESCRIPTION
Extent 252 pages :
Other physical details color illustrations ;
Dimensions 22 cm
520 ## - SUMMARY, ETC.
Summary, etc. "This comprehensive reference book reveals the powerful and evocative mythologies of the East in all their glory. Anyone interested in the fabulous myths and legends of Asian cultures will find this important publication to be essential reading. An instantly accessible A to Z structure, fully cross-referenced throughout, details the pantheon of gods of the East. Over 500 color pictures of sacred people and holy places, drawn from original sources, accompany the text. Pictorial features detail important mythological themes including Yin and Yang, the avatars of Vishnu, demons and black magic, and the life of Buddha. From the flood myths of the western lands and the Egyptian temples, to the sacred rivers of Central Asia and the dragon festivals of the Far East, this book splendidly recreates the rise of many cultures. Travel through exotic realms of high adventure, thrill at the exploits of warrior-gods, and become immersed in legend and folklore that bring to life ancient stories that influence society in much of Asia today." "Learn about the exciting and turbulent myths and legends of western Asia. From ancient Egypt, Persia, Asia Minor, Sumer and Babylon come haunting and dramatic stories of the gods who determined the economic, cultural and political life of the region. Out of India, Tibet and Sri Lanka come tales of gods, spirits and demons. From the snowy mountains of the Himalayas to the scorching heat of southern India, this unpredictable land has given birth to a rich mythology. Included are legends of gods who have shaped Eastern religion and Western philosophy -- playful Krishna, Shiva the destroyer; elephant-headed Ganesha and many-armed Kali." "Dragon festivals, dragon gods and ancestor worship are all included in the enthralling myths of Hinduism, Buddhism and Islam. China and Japan have added their own interpretations of the religions and legends that arrived from other parts of Asia. China's Sacred Mountains, worshiped as deities from ancient times, evoke a unique spirit of place, while Japan's adoption of Buddhism was used to complement the earlier religion, Shinto. The Encyclopedia of Eastern Mythology is an exhaustive and fascinating guide to the mythology of the gods and goddesses, heroes, sacred animals and spiritual places of the East. Bringing together the legends of many incredibly diverse cultures in a highly readable and accessible style, it is the classic reference book on the subject. Book jacket."--BOOK JACKET.
650 ## - SUBJECT ADDED ENTRY--TOPICAL TERM
Topical term or geographic name entry element Folklore and Mythology
Form subdivision Non-fiction
Chronological subdivision Religion
650 ## - SUBJECT ADDED ENTRY--TOPICAL TERM
Topical term or geographic name entry element Encyclopedia
General subdivision History
942 ## - ADDED ENTRY ELEMENTS (KOHA)
Source of classification or shelving scheme Dewey Decimal Classification
Koha item type Books
Suppress in OPAC No
Holdings
Withdrawn status Lost status Source of classification or shelving scheme Damaged status Not for loan Collection Home library Current library Shelving location Date acquired Total Checkouts Full call number Barcode Date last seen Price effective from Koha item type
    Dewey Decimal Classification     Non-Fiction Footprints International School Library Network Toul Kork Campus Footprints International School Library Network Toul Kork Campus A TK Campus, 4th Floor, Room B401, Non-Fiction Bookcases(7-8) 02/06/2024   STO 398.209503 GR265.S76 2024-0079 02/06/2024 02/06/2024 Books